[Event "4NCL/Div4a/SLOS2 vs. GUI4"]
[Site "Telford ENG"]
[Date "2005.02.27"]
[Round "6.1"]
[White "Rudolf, Anna"]
[Black "Stimpson, Philip M"]
[Result "0-1"]
[WhiteElo "2207"]
[BlackElo "2120"]
[PlyCount "86"]
[EventDate "2005.02.27"]
[SourceDate "2004.09.21"]

1. e4 d5 2. exd5 Nf6 3. d4 Bg4 4. Nf3 Qxd5 5. Be2 Nc6 6. c4 Qd7 7. d5 Bxf3 8.
Bxf3 Ne5 9. Be2 e6 10. dxe6 Qxe6 11. O-O Bd6 12. Bf4 O-O 13. Qb3 Rfe8 14. Nc3
Neg4 15. Bg3 Bxg3 16. fxg3 Qe3+ 17. Kh1 Nf2+ 18. Rxf2 Qxf2 19. Qxb7 Rab8 20.
Qf3 Qxf3 21. Bxf3 Rxb2 22. Kg1 Rc2 23. Nb5 Rxc4 24. Nxa7 Ne4 25. a4 Ra8 26. Nb5
Raxa4 27. Rd1 f5 28. Bxe4 fxe4 29. Rd8+ Kf7 30. Rd7+ Kg6 31. Nxc7 e3 32. Rd6+
Kf5 33. g4+ Ke5 34. Re6+ Kd4 35. Nb5+ Kd3 36. Rd6+ Ke2 37. g3 Kf3 38. Rd1 e2
39. Re1 Rab4 40. Na3 Rd4 41. h4 Rd1 42. Nc2 Rbb1 43. Nd4+ Rxd4 0-1

[Event "4NCL/Div4a/SLOS2 vs. GUI4"]
[Site "Telford ENG"]
[Date "2005.02.27"]
[Round "6.2"]
[White "Punnett, Alan K"]
[Black "Williams, Samuel G"]
[Result "0-1"]
[WhiteElo "2125"]
[BlackElo "2207"]
[PlyCount "70"]
[EventDate "2005.02.27"]
[SourceDate "2004.09.21"]

1. d4 Nf6 2. c4 g6 3. Nc3 d5 4. Nf3 Bg7 5. g3 O-O 6. Bg2 Nc6 7. cxd5 Nxd5 8.
O-O Nb6 9. d5 Na5 10. e4 c6 11. Nd4 cxd5 12. Nxd5 e6 13. Nxb6 Qxb6 14. Nb3 Rd8
15. Qc2 Nxb3 16. axb3 Bd7 17. Be3 Qb5 18. Rfd1 Rac8 19. Qd2 Be8 20. Qxd8 Rxd8
21. Rxd8 Bxb2 22. Rxa7 Kg7 23. Bf1 Qc6 24. Raa8 Bd7 25. Bg5 h6 26. Bf4 e5 27.
Rg8+ Kf6 28. Bxh6 Qxe4 29. Bg7+ Kg5 30. h4+ Kg4 31. Kh2 Qe1 32. Rgc8 Qxf2+ 33.
Bg2 Qxg3+ 34. Kh1 Qxh4+ 35. Kg1 Bd4+ 0-1

[Event "4NCL/Div4a/SLOS2 vs. GUI4"]
[Site "Telford ENG"]
[Date "2005.02.27"]
[Round "6.3"]
[White "Payne, Nick"]
[Black "Hill, David F"]
[Result "1-0"]
[WhiteElo "2101"]
[BlackElo "2071"]
[PlyCount "60"]
[EventDate "2005.02.27"]
[SourceDate "2004.09.21"]

1. e4 e6 2. d4 d5 3. Nd2 c5 4. exd5 exd5 5. dxc5 Bxc5 6. Nb3 Bb6 7. Nf3 Nc6 8.
Be2 Nf6 9. O-O O-O 10. c3 Re8 11. Bg5 h6 12. Bh4 g5 13. Bg3 Ne4 14. c4 Nxg3 15.
hxg3 g4 16. Nfd2 Qg5 17. cxd5 Nd4 18. Nxd4 Bxd4 19. Nc4 Qxd5 20. Qd2 b5 21. Ne3
Qe5 22. Nxg4 Qxe2 23. Nxh6+ Kh7 24. Qxd4 Kxh6 25. Qf6+ Kh7 26. Qxf7+ Kh8 27.
Rad1 Be6 28. Qf6+ Kg8 29. Rfe1 Qg4 30. Rd4 Qf5 1-0

[Event "4NCL/Div4a/SLOS2 vs. GUI4"]
[Site "Telford ENG"]
[Date "2005.02.27"]
[Round "6.4"]
[White "Shepley, Julien M"]
[Black "Armstrong, Malcolm"]
[Result "1/2-1/2"]
[WhiteElo "2114"]
[BlackElo "2129"]
[PlyCount "94"]
[EventDate "2005.02.27"]
[SourceDate "2004.09.21"]

1. d4 Nf6 2. c3 d5 3. Nf3 Bf5 4. Nh4 Bg6 5. Nxg6 hxg6 6. Qb3 b6 7. Bf4 e6 8.
Nd2 Nh5 9. Be3 Nd7 10. Nf3 Bd6 11. g3 O-O 12. Bg2 c5 13. O-O Rc8 14. Rad1 Qe7
15. Bc1 cxd4 16. cxd4 Rc7 17. Qd3 Rfc8 18. e4 dxe4 19. Qxe4 Nhf6 20. Qh4 Nh7
21. Qxe7 Bxe7 22. Bf4 Rc2 23. Rc1 Nhf6 24. Ne5 Nxe5 25. dxe5 Nd7 26. Rxc2 Rxc2
27. Rd1 Nf8 28. Rd2 Rxd2 29. Bxd2 Nd7 30. Bc3 Nc5 31. Bc6 Na6 32. a3 Kf8 33.
Kf1 Nb8 34. Bb5 a6 35. Bd3 Ke8 36. Ke2 Kd7 37. f4 Kc6 38. Be4+ Kc7 39. Kd3 Nd7
40. b4 b5 41. Bd4 Nb8 42. Bc3 Nd7 43. Bd4 Bd8 44. Kc3 Be7 45. Kb3 Nb6 46. Bd3
Kc6 47. Be4+ Kc7 1/2-1/2

[Event "4NCL/Div4a/SLOS2 vs. GUI4"]
[Site "Telford ENG"]
[Date "2005.02.27"]
[Round "6.5"]
[White "Nicholas, Koichi"]
[Black "Smart, Michael R"]
[Result "0-1"]
[WhiteElo "2087"]
[BlackElo "2070"]
[PlyCount "56"]
[EventDate "2005.02.27"]
[SourceDate "2004.09.21"]

1. e4 Nf6 2. e5 Nd5 3. c4 Nb6 4. d4 d6 5. f4 dxe5 6. fxe5 c5 7. d5 e6 8. Nc3
exd5 9. cxd5 c4 10. Nf3 Bg4 11. d6 Nc6 12. Nb5 Bxf3 13. Qxf3 Nxe5 14. Qe4 Bxd6
15. Bf4 O-O 16. Nxd6 Qxd6 17. Bxe5 Qe6 18. O-O-O Rfe8 19. Re1 f6 20. g4 fxe5
21. Re3 Rac8 22. Rh3 g6 23. Qxb7 Re7 24. Qe4 c3 25. b3 Qd6 26. Qc2 Qa3+ 27. Kb1
Nd5 28. Bd3 Nb4 0-1

[Event "4NCL/Div4a/SLOS2 vs. GUI4"]
[Site "Telford ENG"]
[Date "2005.02.27"]
[Round "6.6"]
[White "Bryant, Richard"]
[Black "Varnam, Liam D"]
[Result "1/2-1/2"]
[WhiteElo "1933"]
[BlackElo "2085"]
[PlyCount "92"]
[EventDate "2005.02.27"]
[SourceDate "2004.09.21"]

1. e4 e5 2. d4 exd4 3. Bc4 Nc6 4. Nf3 Nf6 5. e5 d5 6. Bb5 Ne4 7. Nxd4 Bd7 8.
Bxc6 bxc6 9. O-O Bc5 10. c3 O-O 11. Nd2 f5 12. N2b3 Bb6 13. f3 Ng5 14. Kh1 f4
15. Re1 Qe8 16. Ne2 Ne6 17. Nbd4 g5 18. Nxe6 Bxe6 19. Nd4 c5 20. Nxe6 Qxe6 21.
c4 d4 22. b3 Rf5 23. Bd2 Rxe5 24. Rxe5 Qxe5 25. Qe1 Re8 26. Qxe5 Rxe5 27. Re1
Re3 28. Kg1 Rd3 29. Re2 a5 30. Kf1 a4 31. bxa4 Ra3 32. a5 Bxa5 33. Re8+ Kf7 34.
Ra8 Bb4 35. Rxa3 Bxa3 36. Ke2 Bb4 37. Bc1 Ke6 38. Kd3 Kd6 39. Ke4 Kc6 40. Kd3
Kb6 41. g3 fxg3 42. hxg3 h6 43. g4 Be1 44. f4 Bh4 45. fxg5 Bxg5 46. Ba3 Be7
1/2-1/2

[Event "4NCL/Div4a/CHED vs. GLOSG"]
[Site "Telford ENG"]
[Date "2005.02.27"]
[Round "6.1"]
[White "Smith, Alan A"]
[Black "Hosken, Nigel"]
[Result "0-1"]
[WhiteElo "2272"]
[BlackElo "2205"]
[PlyCount "84"]
[EventDate "2005.02.27"]
[SourceDate "2004.09.21"]

1. d4 d5 2. Bg5 c6 3. e3 Nd7 4. Nc3 f5 5. Bd3 Ngf6 6. Bxf5 g6 7. Bxf6 Nxf6 8.
Bxc8 Rxc8 9. Nf3 Bg7 10. O-O O-O 11. Ne5 Nd7 12. Nxd7 Qxd7 13. f4 c5 14. Qd2 b5
15. Ne2 Qb7 16. Rad1 c4 17. c3 a5 18. Ng3 e6 19. e4 b4 20. Rde1 Rce8 21. Re2
Qb8 22. f5 dxe4 23. fxg6 hxg6 24. Rxf8+ Rxf8 25. Rxe4 Qd6 26. Re1 Qd5 27. Qe2
e5 28. dxe5 Re8 29. Ne4 Rxe5 30. Qg4 Qe6 31. Qe2 a4 32. a3 bxa3 33. bxa3 Kh8
34. h3 Bf8 35. Qc2 Bxa3 36. Qxa4 Be7 37. Re2 Kg7 38. Qc2 Bh4 39. Kh2 Be7 40.
Re3 Qf5 41. Qe2 Bc5 42. Ng3 Qb1 0-1

[Event "4NCL/Div4a/CHED vs. GLOSG"]
[Site "Telford ENG"]
[Date "2005.02.27"]
[Round "6.2"]
[White "White, Michael J R"]
[Black "Richardson, Alex"]
[Result "1-0"]
[WhiteElo "2166"]
[BlackElo "2119"]
[PlyCount "101"]
[EventDate "2005.02.27"]
[SourceDate "2004.09.21"]

1. e4 c5 2. Nf3 d6 3. d4 cxd4 4. Nxd4 Nf6 5. Nc3 a6 6. f4 Qc7 7. Nf3 Nc6 8. Nd5
Nxd5 9. exd5 Nd8 10. Be3 Bg4 11. Be2 Rc8 12. c3 e6 13. O-O Be7 14. Qb3 O-O 15.
Bb6 Qd7 16. h3 Bf5 17. Nd4 Bf6 18. Nxf5 exf5 19. Bd3 g6 20. a4 h5 21. Qc2 Rc5
22. Bxc5 dxc5 23. Rad1 Kg7 24. a5 Qc7 25. Qa4 Be7 26. Rde1 Bd6 27. Re2 Rh8 28.
h4 f6 29. Rfe1 Nf7 30. g3 Nh6 31. Qb3 Rf8 32. Qb6 Rf7 33. Qxc7 Rxc7 34. Re6 Nf7
35. c4 b6 36. Ra1 Rb7 37. axb6 Rxb6 38. Ra2 Rb3 39. Ra3 Rxb2 40. Rxa6 Rb3 41.
Re3 g5 42. Rf3 Bb8 43. Kg2 Rb2+ 44. Rf2 Rxf2+ 45. Kxf2 gxf4 46. gxf4 Bxf4 47.
Bxf5 Ne5 48. d6 Nxc4 49. d7 Bc7 50. Ra7 Bd8 51. Ra8 1-0

[Event "4NCL/Div4a/CHED vs. GLOSG"]
[Site "Telford ENG"]
[Date "2005.02.27"]
[Round "6.3"]
[White "Risley, David R"]
[Black "Bolt, Graham"]
[Result "0-1"]
[WhiteElo "1995"]
[BlackElo "2114"]
[PlyCount "98"]
[EventDate "2005.02.27"]
[SourceDate "2004.09.21"]

1. e4 c5 2. c3 Nf6 3. e5 Nd5 4. d4 cxd4 5. cxd4 d6 6. Nf3 Nc6 7. Nc3 dxe5 8.
dxe5 Nxc3 9. Qxd8+ Nxd8 10. bxc3 g6 11. Bb5+ Nc6 12. Nd4 Bd7 13. Nxc6 bxc6 14.
Bc4 Bg7 15. f4 Bf5 16. O-O O-O 17. Ba3 Rfe8 18. Bc5 Bf8 19. Rad1 a5 20. h3 h5
21. Rd2 Rab8 22. Kh2 a4 23. Rfd1 e6 24. Bxf8 Kxf8 25. Be2 a3 26. Bc4 Rb2 27.
Bb3 Be4 28. Kg3 c5 29. c4 Kg7 30. Kh4 Rb8 31. g4 hxg4 32. hxg4 Rh8+ 33. Kg3 Rh7
34. Ba4 Rb8 35. Re1 Rb2 36. Red1 Rh8 37. Bb3 Ra8 38. Kf2 Rh8 39. Kg3 Rh1 40.
Rxb2 Rxd1 41. Re2 Rd3+ 42. Kf2 Bf3 43. Re3 Rxe3 44. Kxe3 Bxg4 45. Kd2 Bf5 46.
Bc2 f6 47. exf6+ Kxf6 48. Kc3 Bxc2 49. Kxc2 e5 0-1

[Event "4NCL/Div4a/CHED vs. GLOSG"]
[Site "Telford ENG"]
[Date "2005.02.27"]
[Round "6.4"]
[White "Dodwell, Phil"]
[Black "Laurence, Geoff"]
[Result "0-1"]
[WhiteElo "2100"]
[BlackElo "1975"]
[PlyCount "70"]
[EventDate "2005.02.27"]
[SourceDate "2004.09.21"]

1. e4 Nc6 2. Nf3 d6 3. d4 e5 4. Bb5 exd4 5. Nxd4 Bd7 6. Bxc6 Bxc6 7. Nc3 Qd7 8.
Be3 Nf6 9. f3 g6 10. Qd2 Bg7 11. O-O-O a6 12. Kb1 O-O 13. g4 b5 14. Bh6 Bb7 15.
h4 Bxh6 16. Qxh6 Kh8 17. h5 Rg8 18. Qf4 Qe7 19. Rh2 Qe5 20. Qd2 b4 21. Nd5 Bxd5
22. exd5 Qxd5 23. hxg6 Rxg6 24. Qe1 Re8 25. Qh1 Qg5 26. Nf5 a5 27. Re1 Rxe1+
28. Qxe1 Qf4 29. Re2 Qxf3 30. Nh4 Qxg4 31. Nxg6+ Qxg6 32. b3 Nd5 33. Rf2 Nc3+
34. Kb2 Kg7 35. Qe7 Nd1+ 0-1

[Event "4NCL/Div4a/CHED vs. GLOSG"]
[Site "Telford ENG"]
[Date "2005.02.27"]
[Round "6.5"]
[White "Yu, Yangshi"]
[Black "Buchanan, David"]
[Result "0-1"]
[WhiteElo "1945"]
[BlackElo "2100"]
[PlyCount "78"]
[EventDate "2005.02.27"]
[SourceDate "2004.09.21"]

1. d4 d5 2. Nf3 c5 3. c3 cxd4 4. cxd4 Nc6 5. Nc3 Nf6 6. Qb3 e6 7. e3 Bd6 8. Bd3
O-O 9. O-O e5 10. dxe5 Nxe5 11. Nxe5 Bxe5 12. f4 Bc7 13. Qd1 Re8 14. h3 Bb6 15.
Qf3 d4 16. exd4 Qxd4+ 17. Kh2 Bd7 18. Rd1 Bc6 19. Qf1 Qc5 20. Bb5 Bxb5 21. Qxb5
Qxb5 22. Nxb5 Re2 23. Nc3 Rf2 24. Nd5 Nxd5 25. Rxd5 Rf1 26. b3 Be3 27. Bxe3
Rxa1 28. a4 h6 29. Rd7 b6 30. h4 Re1 31. Bd4 Rd1 32. g3 Rd2+ 33. Kh3 h5 34. Rd6
f6 35. a5 bxa5 36. Bc5 Rxd6 37. Bxd6 Rd8 38. Bc7 Rd3 39. Bxa5 Rxb3 0-1

[Event "4NCL/Div4a/CHED vs. GLOSG"]
[Site "Telford ENG"]
[Date "2005.02.27"]
[Round "6.6"]
[White "Taylor, Geoffrey P"]
[Black "Yee, John Y"]
[Result "0-1"]
[WhiteElo "2135"]
[BlackElo "1925"]
[PlyCount "92"]
[EventDate "2005.02.27"]
[SourceDate "2004.09.21"]

1. e4 c6 2. d4 d5 3. Nd2 dxe4 4. Nxe4 Nf6 5. Nxf6+ exf6 6. Nf3 Bd6 7. Bd3 Bg4
8. h3 Be6 9. O-O Na6 10. c3 Qd7 11. Re1 Kf8 12. Be3 h5 13. Nd2 Bxh3 14. gxh3
Qxh3 15. Nf1 f5 16. Bg5 f4 17. f3 f6 18. Bg6 Nc7 19. Qb3 Qd7 20. Bh4 Rh6 21.
Be4 Qh3 22. Re2 Qxh4 23. Rh2 Qg5+ 24. Rg2 Qb5 25. Qc2 Ne6 26. a4 Qb6 27. a5 Qc7
28. Bg6 Ng5 29. Nd2 c5 30. d5 c4 31. Kh2 Qd7 32. Bf5 Qb5 33. a6 b6 34. Bg6 Qxd5
35. Rf1 Rd8 36. Re2 Bc5 37. Rfe1 Be3 38. Be4 Nxe4 39. Nxe4 Qf5 40. Rg2 Rg6 41.
Ree2 Rxg2+ 42. Rxg2 h4 43. Qa4 Qe6 44. Qb4+ Kg8 45. Qb5 Rd1 46. Rg6 Rh1+ 0-1

[Event "4NCL/Div4a/NOTT vs. HKFC"]
[Site "Telford ENG"]
[Date "2005.02.27"]
[Round "6.1"]
[White "Walker, Andrew N"]
[Black "Fowler, Simon"]
[Result "1/2-1/2"]
[WhiteElo "2075"]
[BlackElo "2116"]
[PlyCount "95"]
[EventDate "2005.02.27"]
[SourceDate "2004.09.21"]

1. e4 e6 2. d4 d5 3. Nc3 Nc6 4. e5 Nge7 5. Nf3 b6 6. Bd3 Bb7 7. O-O Qd7 8. Re1
O-O-O 9. a3 Nf5 10. Ne2 g6 11. c3 Bg7 12. b4 f6 13. exf6 Bxf6 14. Bg5 Bxg5 15.
Nxg5 Rde8 16. Nf3 Nd6 17. Nc1 Nc4 18. Qb3 e5 19. Bxc4 dxc4 20. Qxc4 exd4 21.
Nd3 dxc3 22. Qxc3 Rd8 23. Nb2 Rhf8 24. Rad1 Qg4 25. h3 Qf5 26. Rc1 Rf7 27. Qc2
Qxc2 28. Rxc2 Rxf3 29. gxf3 Nd4 30. Rc4 Nxf3+ 31. Kf1 Ba6 32. Rec1 Nd2+ 33. Ke1
Nxc4 34. Nxc4 Rd3 35. a4 Rxh3 36. b5 Rh1+ 37. Kd2 Rxc1 38. Kxc1 Bb7 39. Ne5 Kd8
40. Kd2 Ke7 41. Ke3 Kf6 42. Nd7+ Kf5 43. f3 h5 44. Kf2 g5 45. Kg3 h4+ 46. Kf2
Kf4 47. Nf8 Bc8 48. Ng6+ 1/2-1/2

[Event "4NCL/Div4a/NOTT vs. HKFC"]
[Site "Telford ENG"]
[Date "2005.02.27"]
[Round "6.2"]
[White "Forman, Karl L"]
[Black "Truman, Richard G"]
[Result "1-0"]
[WhiteElo "2025"]
[BlackElo "2019"]
[PlyCount "69"]
[EventDate "2005.02.27"]
[SourceDate "2004.09.21"]

1. e4 c5 2. d4 cxd4 3. c3 Nf6 4. e5 Nd5 5. cxd4 e6 6. Nf3 b6 7. Nc3 Nxc3 8.
bxc3 Qc7 9. Bb2 Bb7 10. Bd3 d6 11. O-O Nd7 12. Qe2 Be7 13. Rfe1 O-O 14. exd6
Bxd6 15. c4 Bxf3 16. Qxf3 Bxh2+ 17. Kh1 Bd6 18. Re4 Qd8 19. g3 Qf6 20. Qe2 Rae8
21. Kg2 h6 22. Rh1 Qe7 23. Bc1 f5 24. Reh4 Rf6 25. Kf1 e5 26. Bg5 e4 27. Bxf6
Qxf6 28. Qe3 Rf8 29. Bc2 Qf7 30. Kg1 Nf6 31. c5 bxc5 32. dxc5 Bc7 33. Rxh6 gxh6
34. Rxh6 Ng4 35. Qg5+ 1-0

[Event "4NCL/Div4a/NOTT vs. HKFC"]
[Site "Telford ENG"]
[Date "2005.02.27"]
[Round "6.3"]
[White "Burke, Steven J"]
[Black "Whelan, Liam"]
[Result "1-0"]
[WhiteElo "2020"]
[BlackElo "1990"]
[PlyCount "69"]
[EventDate "2005.02.27"]
[SourceDate "2004.09.21"]

1. e4 d6 2. c4 Nf6 3. Nc3 g6 4. d4 Bg7 5. f4 c5 6. d5 Nbd7 7. Nf3 Nb6 8. Be2
Bd7 9. O-O a5 10. e5 Ng4 11. Ng5 Nh6 12. e6 fxe6 13. dxe6 Bc6 14. Nf7 Nxf7 15.
exf7+ Kxf7 16. f5 Bd4+ 17. Kh1 Kg7 18. Rf4 Be5 19. Rg4 Bd7 20. Bd3 Qc8 21. Qf3
Bf6 22. Qf4 g5 23. Rxg5+ Kf7 24. Qg4 e6 25. Ne4 Qf8 26. fxe6+ Bxe6 27. Qf4 Qd8
28. Bd2 Rf8 29. Bc3 Nd7 30. Rf1 Ke8 31. Bxf6 Nxf6 32. Nxf6+ Ke7 33. Rg7+ Rf7
34. Rxf7+ Bxf7 35. Qe4+ 1-0

[Event "4NCL/Div4a/NOTT vs. HKFC"]
[Site "Telford ENG"]
[Date "2005.02.27"]
[Round "6.4"]
[White "Bullock, Andrew"]
[Black "Webster, Richard J"]
[Result "1-0"]
[WhiteElo "1985"]
[BlackElo "1968"]
[PlyCount "57"]
[EventDate "2005.02.27"]
[SourceDate "2004.09.21"]

1. c4 c5 2. g3 Nc6 3. Bg2 Nf6 4. Nc3 e6 5. Nf3 Be7 6. O-O O-O 7. a3 Rb8 8. d4
cxd4 9. Nxd4 a6 10. b4 Qc7 11. Nxc6 bxc6 12. Bf4 e5 13. Bd2 d6 14. Rc1 Rd8 15.
e4 Be6 16. Qe2 Qb7 17. h3 h6 18. f4 exf4 19. Bxf4 a5 20. b5 Qc8 21. Kh2 cxb5
22. Nxb5 Qd7 23. a4 Rbc8 24. Rfd1 Ne8 25. e5 g5 26. Be3 Ng7 27. exd6 Bf6 28. c5
Rc6 29. Nd4 1-0

[Event "4NCL/Div4a/NOTT vs. HKFC"]
[Site "Telford ENG"]
[Date "2005.02.27"]
[Round "6.5"]
[White "Wright, Antony J"]
[Black "Hogarth, Mark J"]
[Result "1/2-1/2"]
[WhiteElo "1990"]
[BlackElo "1929"]
[PlyCount "43"]
[EventDate "2005.02.27"]
[SourceDate "2004.09.21"]

1. d4 Nf6 2. c4 c5 3. d5 b5 4. b3 g6 5. Qd3 d6 6. e4 Bg7 7. Bb2 Nbd7 8. Nf3 O-O
9. Nbd2 Qc7 10. Be2 e6 11. O-O exd5 12. exd5 Nb6 13. Bd1 Bf5 14. Qc3 b4 15. Qc1
Rfe8 16. Bc2 Bg4 17. h3 Bxf3 18. Nxf3 Ne4 19. Bxg7 Kxg7 20. Bxe4 Rxe4 21. Qb2+
Kg8 22. Rfe1 1/2-1/2

[Event "4NCL/Div4a/NOTT vs. HKFC"]
[Site "Telford ENG"]
[Date "2005.02.27"]
[Round "6.6"]
[White "David, Murray J"]
[Black "Lakhani, Kishan"]
[Result "1-0"]
[WhiteElo "1910"]
[BlackElo "1905"]
[PlyCount "61"]
[EventDate "2005.02.27"]
[SourceDate "2004.09.21"]

1. e4 c5 2. Nc3 e6 3. g3 d5 4. Bg2 Nf6 5. d3 dxe4 6. Nxe4 Be7 7. Ne2 O-O 8. O-O
Nd5 9. b3 f5 10. N4c3 Bf6 11. Bb2 g5 12. Qd2 Nc6 13. Na4 Bxb2 14. Nxb2 f4 15.
gxf4 gxf4 16. Be4 f3 17. Ng3 Nf4 18. Kh1 e5 19. Bxf3 Nd4 20. Be4 Bg4 21. f3 Bh3
22. Rg1 Kh8 23. Nc4 Qc7 24. Ne3 Nfe6 25. Nd5 Qf7 26. Qh6 Bf5 27. Raf1 Rad8 28.
c3 Nc6 29. Nxf5 Rxd5 30. Bxd5 Qxf5 31. Qxe6 1-0

[Event "4NCL/Div4a/OXF2 vs. SLOS4"]
[Site "Telford ENG"]
[Date "2005.02.27"]
[Round "6.1"]
[White "Morris, Graham"]
[Black "McCarthy, Kevin"]
[Result "1/2-1/2"]
[WhiteElo "2050"]
[BlackElo "2065"]
[PlyCount "104"]
[EventDate "2005.02.27"]
[SourceDate "2004.09.21"]

1. e4 e6 2. d3 b6 3. Nf3 Bb7 4. g3 Be7 5. Bg2 Nc6 6. O-O h5 7. h4 Nh6 8. Re1
Ng4 9. d4 d6 10. Nc3 Qd7 11. Ne2 O-O-O 12. c3 Rdf8 13. d5 Nd8 14. Ng5 Bxg5 15.
Bxg5 f6 16. Bc1 g5 17. f3 Nh6 18. hxg5 fxg5 19. Bxg5 Qg7 20. Bh4 Kb8 21. Nf4 e5
22. Nh3 Bc8 23. a4 Rf4 24. Nxf4 exf4 25. Qd4 Qf8 26. a5 fxg3 27. axb6 cxb6 28.
Qf6 Nhf7 29. Ra2 Rh6 30. Qf4 Rh7 31. Rea1 Qe8 32. Rxa7 Qb5 33. Bxd8 Qc5+ 34.
Kh1 Bb7 35. Be7 h4 36. b4 Qc7 37. Bxh4 Qe7 38. Qxg3 Rxh4+ 39. Kg1 Rh8 40. R7a2
Ne5 41. f4 Nc4 42. Re1 Qh7 43. Kf2 Rg8 44. Qh3 Qg7 45. Rh1 Bc8 46. Qf3 Ne5 47.
fxe5 Rf8 48. exd6 Rxf3+ 49. Bxf3 Qxc3 50. Re2 Qd4+ 51. Kg2 Qg7+ 52. Kf2 Qd4+
1/2-1/2

[Event "4NCL/Div4a/OXF2 vs. SLOS4"]
[Site "Telford ENG"]
[Date "2005.02.27"]
[Round "6.2"]
[White "Makepeace, Philip J"]
[Black "Bruce, Dave"]
[Result "1-0"]
[WhiteElo "2015"]
[BlackElo "2075"]
[PlyCount "45"]
[EventDate "2005.02.27"]
[SourceDate "2004.09.21"]

1. e4 e6 2. d4 d5 3. Nc3 Bb4 4. e5 c5 5. a3 Bxc3+ 6. bxc3 Ne7 7. Qg4 Qc7 8.
Qxg7 Rg8 9. Qxh7 cxd4 10. Kd1 dxc3 11. Nf3 Nbc6 12. Bf4 Bd7 13. Ng5 Rf8 14. Bd3
O-O-O 15. Nxf7 Qb6 16. Be3 d4 17. Bg5 Rxf7 18. Qxf7 Qb2 19. Ke2 Nd5 20. Bxd8
Nxe5 21. Qf8 Qxc2+ 22. Bxc2 Bb5+ 23. Kd1 1-0

[Event "4NCL/Div4a/OXF2 vs. SLOS4"]
[Site "Telford ENG"]
[Date "2005.02.27"]
[Round "6.3"]
[White "Burt, Will"]
[Black "Foster, James J"]
[Result "0-1"]
[WhiteElo "2045"]
[BlackElo "2068"]
[PlyCount "86"]
[EventDate "2005.02.27"]
[SourceDate "2004.09.21"]

1. e4 e6 2. d4 d5 3. Nc3 Nf6 4. Bg5 Be7 5. e5 Nfd7 6. h4 h6 7. Bxe7 Qxe7 8. Rh3
a6 9. f4 c5 10. Nf3 Nc6 11. a3 cxd4 12. Nxd4 Nxd4 13. Qxd4 Qc5 14. Qd2 b5 15.
Rd3 Bb7 16. Rd1 O-O 17. Ne4 dxe4 18. Rxd7 Bd5 19. c3 Qg1 20. Qf2 Qh1 21. Kd2
Bb3 22. Re1 Rfd8 23. Rd4 Rxd4+ 24. cxd4 Rc8 25. Bc4 Qxe1+ 26. Qxe1 Bxc4 27.
Qxe4 Bd5 28. Qe1 Bxg2 29. Kd3 Bh3 30. Qa5 Bf5+ 31. Ke3 Rc2 32. b4 Rc3+ 33. Ke2
Rc2+ 34. Kd1 Rc6 35. Qd8+ Kh7 36. Qd7 Rc3 37. Qxf7 Rxa3 38. Qe7 Rd3+ 39. Kc1
Rxd4 40. Qa7 Rxf4 41. Qxa6 Rxb4 42. h5 Rb1+ 43. Kd2 b4 0-1

[Event "4NCL/Div4a/OXF2 vs. SLOS4"]
[Site "Telford ENG"]
[Date "2005.02.27"]
[Round "6.4"]
[White "Jeffries, Majid"]
[Black "Ludbrook, Matt"]
[Result "0-1"]
[WhiteElo "2024"]
[BlackElo "2039"]
[PlyCount "90"]
[EventDate "2005.02.27"]
[SourceDate "2004.09.21"]

1. d4 Nf6 2. c4 c5 3. d5 e6 4. Nc3 exd5 5. cxd5 d6 6. e4 g6 7. Be2 Bg7 8. Nf3
O-O 9. O-O Re8 10. Nd2 b6 11. a4 Ba6 12. Re1 Bxe2 13. Qxe2 a6 14. Nc4 Ra7 15.
Bf4 Bf8 16. Qd3 Nh5 17. Bd2 Rb7 18. e5 dxe5 19. Nxe5 Rbe7 20. Nf3 Rxe1+ 21.
Nxe1 Nf6 22. Nf3 Qc8 23. Bg5 Nbd7 24. Qc4 Qb7 25. Rd1 b5 26. axb5 axb5 27. Nxb5
Rb8 28. Nc3 Qxb2 29. Ne4 Rb4 30. Nxf6+ Nxf6 31. Qd3 c4 32. Bxf6 Qxf6 33. Qe3 c3
34. Ne1 Rc4 35. Qe2 Rc8 36. Rc1 Bc5 37. Nd3 Bd4 38. Kf1 Kf8 39. f3 Re8 40. Qa2
Qh4 41. g3 Qh3+ 42. Qg2 Qf5 43. Nf2 Qxd5 44. Ne4 f5 45. Nf2 Qc4+ 0-1

[Event "4NCL/Div4a/OXF2 vs. SLOS4"]
[Site "Telford ENG"]
[Date "2005.02.27"]
[Round "6.5"]
[White "Zhang, Marco"]
[Black "Blackie, Neville"]
[Result "1/2-1/2"]
[WhiteElo "1845"]
[BlackElo "2020"]
[PlyCount "120"]
[EventDate "2005.02.27"]
[SourceDate "2004.09.21"]

1. e4 c5 2. Nf3 d6 3. d4 cxd4 4. c3 d3 5. Bxd3 g6 6. O-O Bg7 7. Bg5 Nf6 8. Qe2
Nc6 9. Nbd2 O-O 10. Rfe1 h6 11. Bh4 a6 12. h3 b5 13. Qe3 Kh7 14. Rac1 Be6 15.
Nd4 Nxd4 16. cxd4 Qa5 17. Ra1 Rfc8 18. f4 Qb4 19. Nf3 Bc4 20. Bxf6 Bxf6 21. e5
dxe5 22. dxe5 Bg7 23. Be4 Rab8 24. b3 Be6 25. Nd4 Rc3 26. Nc6 Rxe3 27. Nxb4
Rxe1+ 28. Rxe1 Rb6 29. Rc1 Bf5 30. Bc6 f6 31. Nd5 Rb8 32. Nxe7 fxe5 33. Nxf5
gxf5 34. Bd7 exf4 35. Bxf5+ Kg8 36. Kf2 Rd8 37. Kf3 Be5 38. Rc6 a5 39. Rxh6 Rd2
40. Rh5 Bd6 41. a4 bxa4 42. bxa4 Kg7 43. Be4 Bb4 44. Kxf4 Ra2 45. Bc6 Rc2 46.
Bd5 Rd2 47. g4 Rf2+ 48. Kg3 Rf1 49. Kg2 Ra1 50. Bc6 Ra2+ 51. Kf3 Ra3+ 52. Ke4
Bd2 53. Bb5 Re3+ 54. Kd5 Rg3 55. Kc6 Bb4 56. Kb6 Bd2 57. Rd5 Bc3 58. Rd3 Rxd3
59. Bxd3 Kh6 60. h4 Be1 1/2-1/2

[Event "4NCL/Div4a/OXF2 vs. SLOS4"]
[Site "Telford ENG"]
[Date "2005.02.27"]
[Round "6.6"]
[White "Barraclough, Stephanie"]
[Black "Hansen, Herve"]
[Result "0-1"]
[WhiteElo "1922"]
[BlackElo "1850"]
[PlyCount "70"]
[EventDate "2005.02.27"]
[SourceDate "2004.09.21"]

1. e4 c5 2. Nf3 Nc6 3. d3 g6 4. g3 Bg7 5. Bg2 d6 6. O-O e6 7. Nc3 Nge7 8. Be3
Nd4 9. Rb1 Qa5 10. a3 Nec6 11. Ne2 O-O 12. Nfxd4 Nxd4 13. Nxd4 cxd4 14. Bd2 Qb6
15. f4 Bd7 16. Kh1 Rfc8 17. c3 dxc3 18. bxc3 Qa6 19. d4 Rab8 20. Re1 Bb5 21.
Qf3 Bc4 22. Ra1 Qa5 23. g4 Bxd4 24. cxd4 Qxd2 25. Rad1 Qa5 26. f5 Rf8 27. Rc1
Rbc8 28. Qg3 exf5 29. exf5 Bd5 30. Rb1 Rc2 31. Bf3 Bxf3+ 32. Qxf3 Qc3 33. Qxb7
Qxd4 34. fxg6 hxg6 35. Rbd1 Qf2 0-1

[Event "4NCL/Div4a/OXF2 vs. RICB"]
[Site "Telford ENG"]
[Date "2005.04.16"]
[Round "7.1"]
[White "Webster, Ian"]
[Black "O'Toole, George"]
[Result "1/2-1/2"]
[WhiteElo "2116"]
[BlackElo "1896"]
[PlyCount "123"]
[EventDate "2005.04.16"]
[SourceDate "2004.09.21"]

1. e4 e5 2. Nc3 Nf6 3. g3 d5 4. exd5 Nxd5 5. Bg2 Be6 6. Nge2 Nc6 7. O-O Bc5 8.
Na4 Be7 9. d4 exd4 10. Nxd4 Nxd4 11. Qxd4 Bf6 12. Qe4 Qe7 13. c4 Nb4 14. Qxb7
O-O 15. Bf4 Nc2 16. Rac1 Nd4 17. Rfe1 Bg5 18. Qe4 Bf6 19. Be5 Rad8 20. Red1 Bf5
21. Bxf6 Qxf6 22. Qb7 Ne2+ 23. Kh1 Nxc1 24. Rxc1 Qd6 25. Bd5 Rfe8 26. Nc3 Qf6
27. Qxc7 Bh3 28. Qf4 Qxf4 29. gxf4 Re7 30. Bg2 Bxg2+ 31. Kxg2 Rd2 32. b4 Rb2
33. b5 Rc7 34. Nd5 Rc5 35. a4 Ra2 36. Rd1 h6 37. Ne3 Rxa4 38. Rd8+ Kh7 39. Kf3
Ra3 40. Ke4 Ra2 41. Rd7 Ra4 42. Kd4 Rxb5 43. Rxa7 Rxa7 44. cxb5 Ra2 45. b6 Rxf2
46. Kc5 Rxh2 47. Nc4 Re2 48. Kc6 Re8 49. Nd6 Rb8 50. Nxf7 Rxb6+ 51. Kxb6 Kg6
52. Nd6 h5 53. Kc5 h4 54. Kd4 Kh5 55. Ne4 Kg4 56. Ke3 g6 57. Nf2+ Kg3 58. Nh1+
Kg2 59. Nf2 Kg3 60. Ne4+ Kg4 61. Nf6+ Kg3 62. Ne4+ 1/2-1/2

[Event "4NCL/Div4a/OXF2 vs. RICB"]
[Site "Telford ENG"]
[Date "2005.04.16"]
[Round "7.2"]
[White "Zhou, Yang-Fan"]
[Black "Bruce, Dave"]
[Result "1/2-1/2"]
[WhiteElo "1880"]
[BlackElo "2075"]
[PlyCount "52"]
[EventDate "2005.04.16"]
[SourceDate "2004.09.21"]

1. e4 e6 2. d3 c5 3. Nd2 Nc6 4. Ngf3 g6 5. g3 Bg7 6. Bg2 Nge7 7. O-O O-O 8. Re1
d6 9. c3 e5 10. Nf1 Rb8 11. h4 f5 12. Qb3+ Kh8 13. Ng5 Qe8 14. Ne6 Bxe6 15.
Qxe6 Rf6 16. Qb3 f4 17. g4 g5 18. Nh2 h5 19. hxg5 Rg6 20. f3 hxg4 21. Nxg4 Rxg5
22. Kf2 Rh5 23. Bd2 Na5 24. Qe6 Ng8 25. Qxe8 Rxe8 26. Rh1 Rh7 1/2-1/2